Brawl Stars : Tous les Brawlers (par Trio) - Statistiques

Statistiques générales
  • Ce quiz a été pris 2 174 fois
    389 depuis la dernière actualisation
  • Le résultat moyen est 50 sur 101
Statistiques - réponses
Ranger Ranch % Correct
Colt
92%
Shelly
92%
Spike
81%
Bull
78%
Corbac
78%
Nita
77%
Bo
76%
Poco
76%
Léon
74%
A.R.K.A.D.
73%
Billie
73%
Frank
71%
Mortis
71%
Penny
71%
Darryl
69%
Carl
65%
Edgar
65%
Eliz@
65%
Rosa
63%
Dynamike
60%
Brock
58%
Sirius
58%
Jessie
57%
Colette
56%
El Costo
56%
Tick
56%
Gaël
55%
Surge
55%
Wally
55%
Buzz
54%
Griff
54%
Jacky
54%
Tara
54%
Ambre
53%
Gus
53%
Kaze
53%
Kenji
53%
Mandy
53%
Ricochet
53%
Charlie
52%
Meg
52%
Pam
52%
Béa
51%
Kit
51%
Max
51%
D'jinn
50%
Émeri
50%
Lou
50%
Bartaba
49%
Belle
49%
Chester
49%
Doug
49%
Lily
49%
Melody
49%
Polly
49%
Sam
48%
Monsieur M.
47%
Cordelius
46%
Médor
46%
Fang
44%
Pierce
44%
Eve
43%
Angelo
42%
Bonnie
42%
Finx
42%
Berry
41%
Buster
41%
Nani
41%
Stu
41%
Grom
40%
Moe
40%
Pearl
40%
Squeak
40%
Byron
39%
Willow
39%
Ash
38%
Grey
38%
Janet
38%
Lola
38%
R-T
38%
Chuck
37%
Maisie
37%
Ollie
37%
Shade
37%
Mico
36%
Najia
35%
Trunk
35%
Draco
34%
Glowbert
33%
Alli
32%
Hank
32%
Jae-Yong
32%
Mina
31%
Otis
30%
Juju
29%
Larry & Lawrie
29%
Lumi
29%
Clancy
27%
Gigi
26%
Meeple
26%
Ziggy
26%
Aucun quiz correspondant
Distribution des résultats
% des personnes avec chaque résultat
Percentile par nombre de réponses
Votre historique - résultats
Vous n’avez pas pris ce quiz depuis la dernière actualisation